| 000 | 00522nam a22001937a 4500 | ||
|---|---|---|---|
| 003 | KOHA_MİRAKIL | ||
| 005 | 20251116150418.0 | ||
| 008 | 251116b tu ||||| |||| 00| 0 tur d | ||
| 020 | _a9789755337128 | ||
| 040 |
_aTR-AnABB _btur _cTR-AnABB |
||
| 041 | _atur | ||
| 082 |
_a843.9 _bLOU 2012 |
||
| 100 | 1 | _aLouys, Pierre, | |
| 245 | 1 | 0 |
_aKadın ve kukla / _cPierre Louys |
| 260 |
_aAnkara : _bİmge Kitabevi, _c2012 |
||
| 300 |
_a122 sayfa ; _c20 cm |
||
| 650 | 0 | 4 | _aFransız edebiyatı, roman |
| 942 |
_2ddc _cBK |
||
| 999 |
_c9433 _d9433 |
||
| 900 | _bGizem YORULMAZ | ||